Introduction to chemistry

保存先:
書誌詳細
第一著者: Chang, Raymond
フォーマット: 図書
言語:Undetermined
出版事項: Boston McGraw-Hill 2005
主題:
タグ: タグ追加
タグなし, このレコードへの初めてのタグを付けませんか!
Thư viện lưu trữ: Trung tâm Học liệu Trường Đại học Cần Thơ
LEADER 00447nam a2200181Ia 4500
001 CTU_98235
008 210402s9999 xx 000 0 und d
082 |a 540 
082 |b C456 
100 |a Chang, Raymond 
245 0 |a Introduction to chemistry 
245 0 |c Raymond Chang 
260 |a Boston 
260 |b McGraw-Hill 
260 |c 2005 
650 |a Chemistry 
904 |i Truc 
980 |a Trung tâm Học liệu Trường Đại học Cần Thơ